NATUN KABITA (Record no. 3627)
[ view plain ]
| 000 -LEADER | |
|---|---|
| fixed length control field | 00430cam a2200193ua 4500 |
| 008 - FIXED-LENGTH DATA ELEMENTS--GENERAL INFORMATION | |
| fixed length control field | 190924n II |||gr||||Z||||||asm |
| 040 ## - CATALOGING SOURCE | |
| Original cataloging agency | MAIN |
| 041 ## - LANGUAGE CODE | |
| -- | English |
| 041 ## - LANGUAGE CODE | |
| -- | asm |
| 082 ## - DEWEY DECIMAL CLASSIFICATION NUMBER | |
| Classification number | 891.491 BAR |
| 082 ## - DEWEY DECIMAL CLASSIFICATION NUMBER | |
| Classification number | 891.451 1 BOR |
| 100 ## - MAIN ENTRY--PERSONAL NAME | |
| Personal name | BORA, MAHENDRA. |
| 245 ## - TITLE STATEMENT | |
| Title | NATUN KABITA |
| 260 ## - PUBLICATION, DISTRIBUTION, ETC. | |
| Place of publication, distribution, etc. | DIBRUGARH: |
| Name of publisher, distributor, etc. | BANALATA., |
| Date of publication, distribution, etc. | 1987. |
| 300 ## - PHYSICAL DESCRIPTION | |
| Extent | 140: |
| Dimensions | 20CM. |
| 942 ## - ADDED ENTRY ELEMENTS (KOHA) | |
| Koha item type | Books |
| 653 ## - INDEX TERM--UNCONTROLLED | |
| Uncontrolled term | ASSAMESE POETRY |
| Withdrawn status | Lost status | Damaged status | Not for loan | Home library | Current library | Shelving location | Date acquired | Total Checkouts | Full call number | Date last seen | Copy number | Price effective from | Koha item type | Collection code | Barcode | Date last checked out | Public note |
|---|---|---|---|---|---|---|---|---|---|---|---|---|---|---|---|---|---|
| Central Library and Information Centre Sibsagar Girls College | Central Library and Information Centre Sibsagar Girls College | 27.02.2020 | 891.491 BAR | 27.02.2020 | 4 | 27.02.2020 | Books | ||||||||||
| Damaged | Central Library and Information Centre Sibsagar Girls College | Central Library and Information Centre Sibsagar Girls College | 07.03.1985 | 891.491 BAR | 27.02.2020 | 1 | 27.02.2020 | Books | TBASM | 11786 | |||||||
| Central Library and Information Centre Sibsagar Girls College | Central Library and Information Centre Sibsagar Girls College | 07.03.1985 | 1 | 891.491 BAR | 27.12.2025 | 2 | 27.02.2020 | Books | TBASM | 11787 | 12.12.2025 | ||||||
| Central Library and Information Centre Sibsagar Girls College | Central Library and Information Centre Sibsagar Girls College | ASSAMESE BOOK RACK | 06.06.1990 | 891.451 1 BOR | 27.02.2020 | 2 | 27.02.2020 | Books | TBASM | 12186 | v |